[Event "Asia CCCL"]
[Site "Khanty-Mansiysk"]
[Date "2025.06.21"]
[Round "4.1"]
[White "Iljiushenok, Ilia"]
[Black "Aitbayev, Aslan"]
[Result "1/2-1/2"]
[WhiteElo "2503"]
[BlackElo "2374"]
[PlyCount "59"]
[EventDate "2025.06.18"]
[EventType "team-tourn"]
[EventRounds "7"]
[EventCountry "RUS"]
[SourceTitle "CB27_2025"]
[SourceDate "2025.07.02"]
[SourceVersion "1"]
[SourceVersionDate "2025.07.02"]
[SourceQuality "1"]
[WhiteTeam "Ugra"]
[BlackTeam "Astana"]
[WhiteTeamCountry "RUS"]
[BlackTeamCountry "KAZ"]

1. e4 e6 2. d4 d5 3. e5 c5 4. c3 Nc6 5. Nf3 Bd7 6. Be2 Nge7 7. 0-0 Nf5 8. dxc5 a5 9. Bd3 Bxc5 10. a4 h6 11. h3 0-0 12. Bf4 Nce7 13. Bh2 Ng6 14. Kh1 Qb6 15. Qc2 Rac8 16. Nbd2 Ngh4 17. Nxh4 Nxh4 18. f4 Nf5 19. Qb3 Rfd8 20. Qxb6 Bxb6 21. Bxf5 exf5 22. Bg1 Bxg1 23. Kxg1 b5 24. axb5 Bxb5 25. Rf2 d4 26. Rxa5 dxc3 27. bxc3 Bd3 28. Ra3 Rc7 29. c4 Bxc4 30. Rc3 1/2-1/2

[Event "Qatar Masters op-A"]
[Site "Doha"]
[Date "2024.12.11"]
[Round "8"]
[White "Zou, Chen"]
[Black "Aitbayev, Aslan"]
[Result "0-1"]
[WhiteElo "2449"]
[BlackElo "2369"]
[PlyCount "236"]
[EventDate "2024.12.03"]
[EventType "swiss"]
[EventRounds "9"]
[EventCountry "QAT"]
[SourceTitle "CB51_2024"]
[SourceDate "2024.12.18"]
[SourceVersion "1"]
[SourceVersionDate "2024.12.18"]
[SourceQuality "1"]

1. Nf3 d5 2. g3 c6 3. Bg2 Bg4 4. c4 e6 5. 0-0 Nd7 6. d4 Bd6 7. Qb3 Rb8 8. Nc3 Ngf6 9. h3 Bh5 10. cxd5 exd5 11. Nh4 0-0 12. Qc2 Re8 13. a3 Bg6 14. Nxg6 hxg6 15. Rd1 Nb6 16. Bg5 Qd7 17. b3 Nh7 18. Bd2 Nf6 19. e3 Qf5 20. Qxf5 gxf5 21. Ne2 Ra8 22. Nc1 a5 23. a4 Ne4 24. Be1 g6 25. Nd3 Kg7 26. Bf1 Nd7 27. Kg2 Rh8 28. Rdc1 Ng5 29. h4 Ne4 30. Rab1 Ra7 31. Rc2 Re8 32. Rcb2 Ba3 33. Ra2 Bd6 34. Be2 Rea8 35. Bd1 Re8 36. Bc2 Rea8 37. Rba1 Bc7 38. Rb1 Bd6 39. Raa1 Bc7 40. Bd1 Bd6 41. Be2 Bc7 42. Rc1 Bd6 43. Rab1 Re8 44. Bd1 Ba3 45. Rc2 Bd6 46. Re2 Bc7 47. Reb2 Bd6 48. b4 axb4 49. Nxb4 Bc7 50. Nd3 Rb8 51. Bb4 Bd6 52. Be1 Bc7 53. h5 Nd6 54. hxg6 fxg6 55. Bb4 Nc4 56. Re2 Bd6 57. Bc3 Nf6 58. Ne5 Ne4 59. Ba1 Ned2 60. Rc1 Ba3 61. Rc2 Bb4 62. Rc1 Rba8 63. Bc2 Ra6 64. Nd3 Ba5 65. Rh1 Rh8 66. Rc1 Raa8 67. Nc5 Nd6 68. Rd1 N2c4 69. Bd3 Ra7 70. Rb1 Nd2 71. Rd1 N2c4 72. f3 Re8 73. e4 b6 74. Rh1 Kg8 75. e5 Nf7 76. Bxc4 bxc5 77. e6 Ng5 78. dxc5 Rh7 79. Rxh7 Kxh7 80. Ba6 Rxe6 81. Rb2 Re1 82. Rb7+ Kg8 83. Bf6 Ne6 84. Bf1 Nxc5 85. Rg7+ Kf8 86. Ra7 Bb6 87. Rh7 Nxa4 88. g4 fxg4 89. fxg4 Nc5 90. g5 Ne4 91. Rg7 Re3 92. Ba6 Rg3+ 93. Kf1 Nxf6 94. Rxg6 Bd4 95. Bb7 c5 96. Ke2 Kf7 97. Rxf6+ Bxf6 98. Bxd5+ Kg7 99. gxf6+ Kxf6 100. Kd2 Ke5 101. Bb7 Kd4 102. Ke2 Kc3 103. Kf2 Rd3 104. Ke2 c4 105. Bc6 Rd6 106. Ba4 Kb2 107. Ke3 c3 108. Ke2 c2 109. Bxc2 Kxc2 110. Ke3 Kc3 111. Kf2 Rd3 112. Kg2 Kd4 113. Kh1 Rd2 114. Kg1 Ke3 115. Kh1 Kf3 116. Kg1 Ra2 117. Kh1 Kg3 118. Kg1 Ra1# 0-1

[Event "Abu Dhabi op-A 30th"]
[Site "Abu Dhabi"]
[Date "2024.08.22"]
[Round "7"]
[White "Dushyant, Sharma"]
[Black "Aitbayev, Aslan"]
[Result "0-1"]
[WhiteElo "2324"]
[BlackElo "2380"]
[PlyCount "102"]
[EventDate "2024.08.15"]
[EventType "swiss"]
[EventRounds "9"]
[EventCountry "UAE"]
[SourceTitle "EXT 2025"]
[Source "ChessBase"]
[SourceDate "2024.10.14"]
[SourceVersion "1"]
[SourceVersionDate "2024.10.14"]
[SourceQuality "1"]

1. e4 c6 2. d4 d5 3. Nc3 dxe4 4. Nxe4 Nf6 5. Nxf6+ exf6 6. c3 Bd6 7. Bd3 0-0 8. Qc2 Re8+ 9. Ne2 h5 10. 0-0 h4 11. h3 Nd7 12. Bd2 Nf8 13. Rae1 Bc7 14. f4 g6 15. Kh1 f5 16. Ng1 Be6 17. Nf3 Nh7 18. Bc1 Nf6 19. Qf2 Nh5 20. Nxh4 Kg7 21. c4 b5 22. b3 bxc4 23. bxc4 Rb8 24. Re2 Rh8 25. Rfe1 Qf6 26. Re5 Bxe5 27. Rxe5 Rb4 28. Kh2 Bxc4 29. Ba3 Bxd3 30. Bxb4 Qd8 31. Be7 Qd7 32. d5 f6 33. dxc6 Qxc6 34. Re1 Qc7 35. Bc5 Be4 36. g3 Rd8 37. Bxa7 Rd3 38. Be3 Rc3 39. Re2 Ba8 40. g4 fxg4 41. hxg4 g5 42. Nf5+ Kg6 43. Ne7+ Qxe7 44. gxh5+ Kxh5 45. fxg5 fxg5 46. Bxg5 Qxg5 47. Qf7+ Kh4 48. Qf2+ Qg3+ 49. Qxg3+ Rxg3 50. Rd2 Re3 51. Rb2 Rh3+ 0-1

[Event "Abu Dhabi op-A 30th"]
[Site "Abu Dhabi"]
[Date "2024.08.21"]
[Round "6"]
[White "Aitbayev, Aslan"]
[Black "Movahed, Sina"]
[Result "0-1"]
[WhiteElo "2380"]
[BlackElo "2530"]
[PlyCount "98"]
[EventDate "2024.08.15"]
[EventType "swiss"]
[EventRounds "9"]
[EventCountry "UAE"]
[SourceTitle "EXT 2025"]
[Source "ChessBase"]
[SourceDate "2024.10.14"]
[SourceVersion "1"]
[SourceVersionDate "2024.10.14"]
[SourceQuality "1"]

1. e4 c5 2. Nf3 d6 3. d4 cxd4 4. Nxd4 Nf6 5. Nc3 a6 6. h3 e5 7. Nf3 Qc7 8. g4 h6 9. Rg1 b5 10. g5 hxg5 11. Nxg5 Bb7 12. Bd3 Nbd7 13. Qe2 b4 14. Nd1 d5 15. Ne3 Nc5 16. Nxd5 Nxd5 17. exd5 Nxd3+ 18. Qxd3 Rd8 19. Be3 Rxd5 20. Qf5 Qd7 21. Qxd7+ Rxd7 22. Rg3 Rh5 23. Bd2 Bc5 24. Rd1 Be7 25. Nf3 Rf5 26. Ng1 g6 27. Rd3 Rxd3 28. cxd3 Bd5 29. b3 a5 30. Rc1 Kd7 31. Be3 Rh5 32. Bc5 Bd8 33. Ra1 f5 34. a3 bxa3 35. Rxa3 Kc6 36. Bf8 Rh8 37. Bg7 Re8 38. Kd1 Kb6 39. Kc2 Bh4 40. Ne2 Bxf2 41. Nc3 Bc6 42. Ra1 f4 43. Rf1 Be3 44. Ne4 Bxe4 45. dxe4 Rc8+ 46. Kd3 Bd4 47. Rf3 Kb5 48. Kd2 Kb4 49. Bf6 Ka3 0-1

[Event "Abu Dhabi op-A 30th"]
[Site "Abu Dhabi"]
[Date "2024.08.19"]
[Round "4"]
[White "Aitbayev, Aslan"]
[Black "Cardoso Cardoso, Jose Gabriel"]
[Result "0-1"]
[WhiteElo "2380"]
[BlackElo "2507"]
[PlyCount "130"]
[EventDate "2024.08.15"]
[EventType "swiss"]
[EventRounds "9"]
[EventCountry "UAE"]
[SourceTitle "EXT 2025"]
[Source "ChessBase"]
[SourceDate "2024.10.14"]
[SourceVersion "1"]
[SourceVersionDate "2024.10.14"]
[SourceQuality "1"]

1. e4 c5 2. Nf3 d6 3. Bb5+ Nd7 4. a4 Ngf6 5. Nc3 a6 6. Be2 b6 7. d4 cxd4 8. Qxd4 Bb7 9. 0-0 e6 10. Rd1 Qc7 11. Be3 Ng4 12. Bg5 h6 13. Bh4 Nge5 14. Nxe5 dxe5 15. Qd2 Bc5 16. b4 Be7 17. Bxe7 Kxe7 18. a5 Rhd8 19. Bd3 Rac8 20. Na4 b5 21. Nb2 Nf6 22. f3 Nh5 23. Rac1 Qc3 24. Qxc3 Rxc3 25. Bf1 Rdc8 26. Rd2 Nf6 27. Nd1 Rb3 28. cxb3 Rxc1 29. Nb2 Rc3 30. Rd3 Rc2 31. Nd1 Nd7 32. Rc3 Rxc3 33. Nxc3 Nb8 34. Kf2 Nc6 35. Na2 f5 36. Bd3 Kf6 37. Ke3 Bc8 38. Kd2 Kg5 39. Ke3 Bd7 40. Bb1 Kf6 41. Bd3 g5 42. Kd2 h5 43. Kc3 g4 44. Nc1 Nd4 45. f4 Bc6 46. exf5 exf5 47. Bf1 Be4 48. Nd3 Bxd3 49. Kxd3 h4 50. Ke3 Nc2+ 51. Kd2 Nxb4 52. fxe5+ Kxe5 53. Kc3 Nd5+ 54. Kd3 g3 55. hxg3 hxg3 56. Kd2 f4 57. Be2 Kd4 58. Bf3 b4 59. Ke2 Nc3+ 60. Kd2 Ne4+ 61. Ke2 Nc5 62. Bg4 Nxb3 63. Bc8 Nxa5 64. Bxa6 b3 65. Bd3 f3+ 0-1

[Event "Abu Dhabi op-A 30th"]
[Site "Abu Dhabi"]
[Date "2024.08.15"]
[Round "1"]
[White "Narayanan, Sunilduth Lyna"]
[Black "Aitbayev, Aslan"]
[Result "1/2-1/2"]
[WhiteElo "2649"]
[BlackElo "2380"]
[PlyCount "143"]
[EventDate "2024.08.15"]
[EventType "swiss"]
[EventRounds "9"]
[EventCountry "UAE"]
[SourceTitle "EXT 2025"]
[Source "ChessBase"]
[SourceDate "2024.10.14"]
[SourceVersion "1"]
[SourceVersionDate "2024.10.14"]
[SourceQuality "1"]

1. d4 Nf6 2. c4 e6 3. Nc3 d5 4. cxd5 exd5 5. Bg5 c6 6. e3 Be7 7. Bd3 0-0 8. Nf3 Ne8 9. Bxe7 Qxe7 10. Qc2 Nf6 11. 0-0 Be6 12. Ne5 c5 13. dxc5 Qxc5 14. Rfd1 Nc6 15. Nxc6 Qxc6 16. Qd2 Rac8 17. Nb5 Qb6 18. Nd4 Rc5 19. a3 Bd7 20. f3 Re8 21. Qf2 Qd6 22. Re1 Rcc8 23. Rad1 Qe5 24. Re2 h5 25. Qh4 g6 26. Rf1 Kg7 27. h3 Qd6 28. Qf2 Re7 29. Rfe1 Rce8 30. Qh4 Qe5 31. Rc1 Qd6 32. Qf2 Qe5 33. Ree1 Qd6 34. Rc3 Qe5 35. Bf1 Rc8 36. Rec1 Rxc3 37. Rxc3 Qd6 38. Qh4 Qb6 39. b4 a5 40. b5 a4 41. Qf2 Qd6 42. Be2 Re8 43. Bd1 Rc8 44. Rxc8 Bxc8 45. Qb2 Qg3 46. Kf1 Qh2 47. Qf2 Qd6 48. Qb2 Qh2 49. Qc2 Bd7 50. Qxa4 Qh1+ 51. Kf2 Qh2 52. Kf1 Qh1+ 53. Kf2 Qh2 54. Be2 Bxh3 55. Bf1 h4 56. Ne2 Bxg2 57. Bxg2 h3 58. Nf4 hxg2 59. Nxg2 Qd6 60. Nf4 g5 61. Ng2 Qc5 62. Qb3 Qc1 63. Qd3 g4 64. Qd4 gxf3 65. Nf4 Qc2+ 66. Kxf3 Qf5 67. a4 Kg8 68. Ke2 Qc2+ 69. Kf3 Qf5 70. Ke2 Qc2+ 71. Ke1 Qc1+ 72. Ke2 1/2-1/2

[Event "FIDE World Bl Team Final"]
[Site "Almaty"]
[Date "2024.08.05"]
[Round "1.1"]
[White "Aitbayev, Aslan"]
[Black "Sadhwani, Raunak"]
[Result "0-1"]
[WhiteElo "2380"]
[BlackElo "2653"]
[PlyCount "104"]
[EventDate "2024.08.05"]
[EventType "team-k.o. (blitz)"]
[EventRounds "4"]
[EventCountry "KAZ"]
[SourceTitle "CBM 221 Extra"]
[Source "ChessBase"]
[SourceDate "2024.09.30"]
[SourceVersion "1"]
[SourceVersionDate "2024.09.30"]
[SourceQuality "1"]
[WhiteTeam "Astana II"]
[BlackTeam "MGD1 Team"]
[WhiteTeamCountry "KAZ"]
[BlackTeamCountry "IND"]

1. e4 c6 2. d4 d5 3. e5 Bf5 4. Nd2 e6 5. Nb3 Nd7 6. Nf3 h6 7. Be2 Ne7 8. 0-0 g5 9. Ne1 f6 10. Bd3 g4 11. Bxf5 exf5 12. e6 Nb6 13. Nd3 Ng6 14. Nf4 Nxf4 15. Bxf4 Bd6 16. Qc1 Qc7 17. Bxd6 Qxd6 18. Nc5 0-0-0 19. b3 f4 20. Qd2 f3 21. g3 h5 22. Qf4 Qxf4 23. gxf4 Kc7 24. Rfe1 Rde8 25. Re3 Nc8 26. Nd7 Rh6 27. Nc5 Nd6 28. c3 b6 29. Nd3 Ne4 30. c4 Rxe6 31. f5 Rd6 32. cxd5 cxd5 33. Nf4 Rh7 34. Rc1+ Kb7 35. Nxd5 Rxd5 36. Rxe4 Rhd7 37. Rd1 Rxf5 38. h3 Rg5 39. Kh2 f5 40. Re5 Rf7 41. d5 Rgg7 42. d6 Kc6 43. Re6 Kd7 44. Rh6 Rh7 45. Rg6 Rhg7 46. Rh6 f4 47. Rxh5 g3+ 48. Kg1 Rf6 49. Rh4 b5 50. Rd4 Re6 51. Rd1 Re2 52. Rxf4 gxf2+ 0-1

[Event "FIDE World Bl Team Pool D"]
[Site "Almaty"]
[Date "2024.08.05"]
[Round "5.14"]
[White "Shubin, Kirill"]
[Black "Aitbayev, Aslan"]
[Result "1/2-1/2"]
[WhiteElo "2459"]
[BlackElo "2380"]
[PlyCount "106"]
[EventDate "2024.08.05"]
[EventType "team (blitz)"]
[EventRounds "7"]
[EventCountry "KAZ"]
[SourceTitle "CBM 221 Extra"]
[Source "ChessBase"]
[SourceDate "2024.09.30"]
[SourceVersion "1"]
[SourceVersionDate "2024.09.30"]
[SourceQuality "1"]
[WhiteTeam "World Champ Higher School"]
[BlackTeam "Astana II"]
[BlackTeamCountry "KAZ"]

1. e4 d6 2. d4 g6 3. Nc3 Bg7 4. Be3 a6 5. h4 h6 6. Qd2 b5 7. f3 Nd7 8. 0-0-0 Bb7 9. Nh3 c5 10. dxc5 Nxc5 11. Bd4 Nf6 12. e5 Nfd7 13. exd6 e5 14. Be3 Qa5 15. Kb1 Rc8 16. Nf2 Ne6 17. Nd5 Qxd2 18. Rxd2 Bxd5 19. Rxd5 0-0 20. Rd1 f5 21. c3 Rc6 22. h5 gxh5 23. Rxh5 Nf4 24. Bxf4 exf4 25. Bd3 Nf6 26. Rxf5 Rd8 27. Bc2 Rcxd6 28. Rxd6 Rxd6 29. Nd3 Nd7 30. Rxf4 Ne5 31. Nxe5 Bxe5 32. Re4 Bf6 33. Re2 Kg7 34. a4 h5 35. axb5 axb5 36. g3 Rd5 37. Rh2 Rg5 38. Rh3 Re5 39. f4 Re1+ 40. Ka2 b4 41. cxb4 Re2 42. Kb3 Re3+ 43. Kc4 h4 44. Rxh4 Bxh4 45. gxh4 Rf3 46. f5 Rf4+ 47. Kc5 Rf2 48. Bd3 Rxb2 49. b5 Kf6 50. b6 Rb3 51. Be4 Ke5 52. Bc6 Rxb6 53. Kxb6 Kxf5 1/2-1/2

[Event "FIDE World Rapid Team"]
[Site "Almaty"]
[Date "2024.08.04"]
[Round "12.19"]
[White "Aitbayev, Aslan"]
[Black "Sindarov, Javokhir"]
[Result "1/2-1/2"]
[WhiteElo "2380"]
[BlackElo "2674"]
[PlyCount "61"]
[EventDate "2024.08.02"]
[EventType "team (rapid)"]
[EventRounds "12"]
[EventCountry "KAZ"]
[SourceTitle "CBM 221 Extra"]
[Source "ChessBase"]
[SourceDate "2024.09.30"]
[SourceVersion "1"]
[SourceVersionDate "2024.09.30"]
[SourceQuality "1"]
[WhiteTeam "Astana II"]
[BlackTeam "Royal Chess"]
[WhiteTeamCountry "KAZ"]
[BlackTeamCountry "UZB"]

1. e4 e5 2. Nf3 Nc6 3. Bb5 a6 4. Ba4 Nf6 5. 0-0 Bc5 6. c3 b5 7. Bb3 d6 8. d4 Bb6 9. a4 Bb7 10. Bg5 h6 11. Bxf6 Qxf6 12. Bd5 Rb8 13. axb5 axb5 14. dxe5 dxe5 15. Na3 0-0 16. Nxb5 Bc8 17. Bxc6 Qxc6 18. Qd5 Qxb5 19. Qxb5 Bxf2+ 20. Rxf2 Rxb5 21. Ra7 Rc5 22. Rd2 Be6 23. Kf2 Rb8 24. Ne1 Rcb5 25. Nd3 Bc4 26. b4 Bxd3 27. Rxd3 c5 28. Rdd7 cxb4 29. Rxf7 Rf8 30. Rxf8+ Kxf8 31. cxb4 1/2-1/2

[Event "FIDE World Rapid Team"]
[Site "Almaty"]
[Date "2024.08.04"]
[Round "9.1"]
[White "Orozbaev, Eldiar"]
[Black "Aitbayev, Aslan"]
[Result "1/2-1/2"]
[WhiteElo "2376"]
[BlackElo "2380"]
[PlyCount "130"]
[EventDate "2024.08.02"]
[EventType "team (rapid)"]
[EventRounds "12"]
[EventCountry "KAZ"]
[SourceTitle "CBM 221 Extra"]
[Source "ChessBase"]
[SourceDate "2024.09.30"]
[SourceVersion "1"]
[SourceVersionDate "2024.09.30"]
[SourceQuality "1"]
[WhiteTeam "Noval Group Kyrgyzstan"]
[BlackTeam "Astana II"]
[WhiteTeamCountry "KGZ"]
[BlackTeamCountry "KAZ"]

1. e4 e6 2. d4 d5 3. Nc3 Bb4 4. e5 c5 5. Bd2 Ne7 6. Nb5 Bxd2+ 7. Qxd2 0-0 8. f4 Bd7 9. Nd6 cxd4 10. Nf3 Nbc6 11. Bd3 Nc8 12. Nb5 Qa5 13. Nbxd4 Qxd2+ 14. Kxd2 Nxd4 15. Nxd4 Ne7 16. h4 f6 17. exf6 Rxf6 18. g3 Nc6 19. Nf3 h6 20. Rhe1 Be8 21. Ne5 Nxe5 22. Rxe5 Bg6 23. Bf1 Bf5 24. Rae1 Rc8 25. c3 Rff8 26. Be2 Rc6 27. g4 Be4 28. Ke3 Rb6 29. b3 Rc8 30. c4 a5 31. Kd4 Bg6 32. f5 exf5 33. Rxd5 fxg4 34. Bxg4 Rf8 35. Kc3 Rf4 36. Be6+ Kh7 37. h5 Rxe6 38. Rxe6 Bf7 39. Ree5 Bxd5 40. Rxd5 g5 41. hxg6+ Kxg6 42. Rxa5 h5 43. Ra8 h4 44. Rh8 Kg7 45. Rd8 h3 46. Rd1 h2 47. a4 Rh4 48. Rh1 Kf6 49. Kb4 Rh3 50. Kc5 Ke6 51. b4 Kd7 52. a5 Kc7 53. b5 Rh5+ 54. Kb4 Rh4 55. Kc3 Kd6 56. Kb4 Kc7 57. Kc5 Rh5+ 58. Kd4 Rh4+ 59. Kd5 Rh5+ 60. Kd4 Rh4+ 61. Kd5 Rh5+ 62. Ke4 Kd6 63. Kf3 Kc5 64. a6 bxa6 65. bxa6 Kxc4 1/2-1/2

[Event "FIDE World Rapid Team"]
[Site "Almaty"]
[Date "2024.08.03"]
[Round "7.1"]
[White "Aitbayev, Aslan"]
[Black "Shonazarov, Orash"]
[Result "1/2-1/2"]
[WhiteElo "2380"]
[BlackElo "2277"]
[PlyCount "61"]
[EventDate "2024.08.02"]
[EventType "team (rapid)"]
[EventRounds "12"]
[EventCountry "KAZ"]
[SourceTitle "CBM 221 Extra"]
[Source "ChessBase"]
[SourceDate "2024.09.30"]
[SourceVersion "1"]
[SourceVersionDate "2024.09.30"]
[SourceQuality "1"]
[WhiteTeam "Astana II"]
[BlackTeam "Chess Empire"]
[WhiteTeamCountry "KAZ"]
[BlackTeamCountry "KAZ"]

1. e4 c5 2. Nf3 d6 3. d4 cxd4 4. Nxd4 Nf6 5. Nc3 Nc6 6. Bg5 Bd7 7. Qd2 Rc8 8. 0-0-0 Nxd4 9. Qxd4 Qa5 10. h4 a6 11. f3 h6 12. Be3 e5 13. Qd2 Be7 14. Kb1 Be6 15. a3 Rxc3 16. Qxc3 Qxc3 17. bxc3 d5 18. exd5 Nxd5 19. Bd2 Nb6 20. c4 Bxa3 21. Bc3 f6 22. Ba5 Nd7 23. Bd3 Ke7 24. Rhe1 Rc8 25. g3 Bxc4 26. f4 Be6 27. Bd2 Bg4 28. Be2 Bf5 29. Bd3 Bg4 30. Be2 Bf5 31. Bd3 1/2-1/2

[Event "Yerevan op-A 5th"]
[Site "Yerevan"]
[Date "2023.10.02"]
[Round "4"]
[White "Aitbayev, Aslan"]
[Black "Paichadze, Luka"]
[Result "1/2-1/2"]
[WhiteElo "2394"]
[BlackElo "2517"]
[PlyCount "120"]
[EventDate "2023.09.29"]
[EventType "swiss"]
[EventRounds "9"]
[EventCountry "ARM"]
[SourceTitle "CBM 216 Extra"]
[Source "ChessBase"]
[SourceDate "2023.11.30"]
[SourceVersion "1"]
[SourceVersionDate "2023.11.30"]
[SourceQuality "1"]

1. e4 c6 2. d4 d5 3. e5 Bf5 4. Nd2 e6 5. Nb3 Nd7 6. Nf3 Qc7 7. Be2 c5 8. dxc5 Bxc5 9. Nxc5 Nxc5 10. Be3 Ne7 11. Nd4 0-0 12. 0-0 a6 13. a4 Bg6 14. f4 Nf5 15. Nxf5 Bxf5 16. a5 Rac8 17. Bd4 Be4 18. c3 Nd7 19. Bg4 Nb8 20. Qd2 Nc6 21. Bb6 Qe7 22. Qe3 Qh4 23. h3 f5 24. exf6 Rxf6 25. Rad1 Ne7 26. Qf2 Qh6 27. Bd4 Rg6 28. b3 Nf5 29. Rfe1 Nxd4 30. Rxd4 Rf8 31. Rb4 Rxf4 32. Qg3 Rf7 33. Qb8+ Rf8 34. Qd6 Rgf6 35. Rxb7 Qh4 36. Re2 h5 37. Bxe6+ Kh7 38. Qe5 Bd3 39. g3 Rg6 40. Rg2 Qg5 41. Qxg5 Rxg5 42. Rf2 Rxg3+ 43. Kh2 Rxf2+ 44. Kxg3 Rc2 45. Bxd5 Rxc3 46. Kh4 Rc5 47. Bf3 Rxa5 48. Bxh5 Re5 49. Bg4 Bb5 50. Rc7 Kg6 51. Rc3 Kf6 52. Kg3 Re4 53. Bc8 Ke5 54. Rc7 Re3+ 55. Kf2 Rxb3 56. Rxg7 a5 57. Bd7 Kf6 58. Rh7 Bd3 59. Rh4 Rb4 60. Rxb4 axb4 1/2-1/2

[Event "Yerevan op-A 5th"]
[Site "Yerevan"]
[Date "2023.10.01"]
[Round "3"]
[White "Borgaonkar, Akshay"]
[Black "Aitbayev, Aslan"]
[Result "1/2-1/2"]
[WhiteElo "2030"]
[BlackElo "2394"]
[PlyCount "60"]
[EventDate "2023.09.29"]
[EventType "swiss"]
[EventRounds "9"]
[EventCountry "ARM"]
[SourceTitle "CBM 216 Extra"]
[Source "ChessBase"]
[SourceDate "2023.11.30"]
[SourceVersion "1"]
[SourceVersionDate "2023.11.30"]
[SourceQuality "1"]

1. e4 e5 2. Nf3 Nc6 3. Bb5 a6 4. Ba4 d6 5. 0-0 Bd7 6. c4 Nge7 7. Nc3 g6 8. d4 exd4 9. Nd5 Nxd5 10. exd5 Ne5 11. Nxe5 dxe5 12. Re1 Bg7 13. Bxd7+ Qxd7 14. f4 f6 15. Qxd4 0-0 16. Qd3 Rae8 17. fxe5 fxe5 18. Re4 Rf5 19. Be3 b6 20. Rd1 Qd6 21. a3 a5 22. b4 axb4 23. axb4 Rd8 24. c5 bxc5 25. bxc5 Qd7 26. Qe2 Qf7 27. Qc4 h5 28. h3 Bf8 29. Qa6 Kh7 30. Qb7 Kg8 1/2-1/2